000 00525nam a2200205Ia 4500
003 OSt
005 20230408130401.0
008 210423s2006 xx 000 0 und d
020 _a1844450716
040 _cAL
041 _aeng
082 _a158
_223
_bINGE
100 _aINGLEBY (Ewan).
_985047
245 _aApplied psychology for social work.
260 _aNew Delhi
_bLearning Matters
_c2006
300 _axii,129
_bPB
365 _b1257
_cINR
906 _aApplied ; psychology ; social ; work.
942 _2ddc
_cBK
999 _c157060
_d157060